000 00490cam a22001814a 4500
001 1684907
005 20240214060433.0
008 990114s1999 enka b 001 0 eng
020 _a1857282655 (PB)
040 _aDLC
_cDLC
_dDLC
082 0 0 _a320.
_221
_bMEH.
100 1 _aKamrava, Mehran,
245 1 0 _aCultural politics in the Third World /
_cMehran Kamrava.
260 _aLondon ;
_aNew York :
_bUCL Press,
_c1999.
300 _aviii, 182 p. :
650 0 _aPolitical culture
942 _cL
999 _c392
_d392